Czy wiesz z kim nagrywał Kolega Ignacy - Statystyki

Ogólne statystyki
  • Ten quiz został rozwiązany 676 razy
  • Średni wynik to 5 z 18
Statystyki odpowiedzi
Serie które nagrywał z innymi twórcami Youtuber % Poprawnych
Mniej Więcej, Garry'mod, ultimate chicken horse, Geoguessr, Milionerzy, Familiada, Higher of Lower, Cs:Go, LNB, Warcraft, Jet Punk, Geogussr, Heroes, Tłusty Czwartek, Worms, left for tube, Jeszcze Więcej, LNB, golf with your friends, more of die Mandzio
96%
Mniej Więcej, Garry's Mod, Heroes, Cywilizacja, Worms, Cs:Go, Tabs, Piosenki, Geoguessr, Milionerzy, Familiada, Higher of Lower, Global Quiz, Warcaft, LNB,ultimate chicken horse, Tłusty Czwartek, left for tube Gimper
94%
Mniej Więcej, Garry's Mod, Cs:Go, left for tube, ultimate chicken horse, golf with your friends, Worms, more of die, Party Panic Bladi
60%
Cs:Go, LNB Izak
52%
Europa Universalis IV, Worms, Cs:Go Isamu
42%
Garry's Mod, Cs:Go, ultimate chicken horse, golf with your friends, Worms, Geogessr, more of die, Party Panic, More of die Alien
37%
Herts of Iron IV, Worms Nitro
30%
Europa Universalis IV, Warcraft, Factorio, Hearts of Iron IV, Offworld, Twierdza Pulchny Niedźwiedz
27%
Garry's Mod, Cs:Go, ultimate chicken horse, golf with your friends, Mniej Więcej, more of die, Party Panic Dezy
25%
Mniej Więcej, Matura to Bzdura Matura to Bzdura
24%
Garry's Mod, more of die Plaga
13%
Twierdza Lutel
10%
Heroes Veggie
10%
Mniej Więcej, Tłusty Czwartek Stuu
8%
Worms Multi
7%
Cs: Go, Heroes, Garry's Mod Rojson
6%
Garry's Mod Flothar
4%
Offworld Soushibo
4%
Nie znaleziono quizów pasujących do podanych kryteriów
Rozkład punktacji
Procent ludzi z każdym wynikiem
Percentyl według liczby udzielonych odpowiedzi
Twoja historia wyników
Nie rozwiązałeś tego quizu